000 01702nam a22003857a 4500
003 CHAP
005 20220329140456.0
008 971013s r 00010 d
010 _a52509
011 _a53481
035 _a57631
040 _cCHAP
082 _a385
_bF4 1972
110 _aFerrocarriles Nacionales de México
_940435
245 _aInforme E-2 1972
260 _aMéxico :
_bSubgerencia de Planeación y Organización,
_c(s.a.)
300 _a3 v. en 5 t.
490 _aSubgerencia de Planeación y Organización. Biblioteca técnica
_v; 153
505 _aContenido: v.1 Tráfico clasificado por artículos. -- v.2 Tráfico de artículos clasificados por estaciones remitentes. -- v.3 Tráfico de artículos clasificados por estaciones receptoras
590 _aBATCH-UPD
_b10
_c20130110
_lUCH01
_h0406
590 _aBATCH-UPD
_b10
_c20130410
_lUCH01
_h0040
590 _aBATCH-UPD
_b10
_c20130914
_lUCH01
_h1359
590 _aCONVERSION
_b10
_c20130109
_lUCH01
_h1328
650 1 4 _aFerrocarriles
_xMéxico.
_940434
650 1 4 _aProductos agrícolas
_xTransporte.
_992035
650 1 4 _aTransportes.
_9114645
830 0 _aSubgerencia de Planeación y Organización. Biblioteca técnica
_v; 153
_9110146
901 _aBK
942 _cLIBRO
949 _a385 F4 1972
_bBC
_cLIBRO
_d33724000433009
_eLIBRO
_fv.3 Part.1
_h29729
_i57631
_si
949 _a385 F4 1972
_bBC
_cLIBRO
_d33724000433017
_eLIBRO
_fv.2 Part.2
_h29738
_i57631
_si
949 _a385 F4 1972
_bBC
_cLIBRO
_d33724000433025
_eLIBRO
_fv.2 Part.1
_h29737
_i57631
_si
949 _a385 F4 1972
_bBC
_cLIBRO
_d33724000433033
_eLIBRO
_fv.1
_h29736
_i57631
_si
949 _a385 F4 1972
_bBC
_cLIBRO
_d33724000433280
_eLIBRO
_fv.3 Part.2
_h29740
_i57631
_si
999 _c52509
_d52509